| 000 | 00602nam a2200181Ia 4500 | ||
|---|---|---|---|
| 008 | 140321s9999 xx 000 0 und d | ||
| 020 | _a9789718171882 | ||
| 050 |
_aLB 1027.5 _b.Sa237 2013 |
||
| 100 | _aSantos, Zenaida C. | ||
| 245 |
_aComplete review for guidance counselor examination / _cZenaida C. Santos and Rose Helen Teh-Merza. |
||
| 260 |
_aManila : _bBooklore Publishing, _cc2013. |
||
| 300 |
_a239 p. : _c25 cm. |
||
| 500 | _aIncludes bibliographical references. | ||
| 521 | _aEDUC | ||
| 650 |
_aGuidance Counselor _xExaminations, questions, etc. |
||
| 942 |
_kLOC _cBK |
||
| 999 |
_c48342 _d48342 |
||